Matemática: razonamiento y aplicaciones / Charles O. Miller, Vern E. Heeren y John Harnby (Registro nro. 1457)

Detalles MARC
000 -LEADER
fixed length control field 00583nam a22002171a 4500
001 - CONTROL NUMBER
control field 1457
003 - CONTROL NUMBER IDENTIFIER
control field OSt
005 - DATE AND TIME OF LATEST TRANSACTION
control field 20260204211735.0
008 - FIXED-LENGTH DATA ELEMENTS--GENERAL INFORMATION
fixed length control field 070101s19..||||mx ||||||b||||||||||spa||
020 ## - NUMERO DE LIBRO INTERNACIONAL NORMALIZADO
International Standard Book Number 9702607523
050 ## - LIBRARY OF CONGRESS CALL NUMBER
Classification number 511 M612m
100 ## - ASIENTO PRINCIPAL -- NOMBRE PERSONAL
Personal name Miller, Charles O.
245 ## - TÍTULO PROPIAMENTE DICHO: SUBTÍTULO
Title Matemática: razonamiento y aplicaciones / Charles O. Miller, Vern E. Heeren y John Harnby
250 ## - MENCIÓN DE EDICIÓN
Edition statement 10
264 ## - PRODUCTION, PUBLICATION, DISTRIBUTION, MANUFACTURE, AND COPYRIGHT NOTICE
Place of production, publication, distribution, manufacture México: Pearson Educación
300 ## - PHYSICAL DESCRIPTION
Extensión 870 p
500 ## - GENERAL NOTE
General note Incluye indice
650 ## - ASIENTO SECUNDARIO DE MATERIA -- TERMINO TEMÁTICO
Termino Temático Como Elemento de Entrada 1.Matemática
700 ## - ASIENTO SECUNDARIO -- NOMBRE PERSONAL
Personal name Heeren, Vern E. II.Harnby, JohnÌ
942 ## - ADDED ENTRY ELEMENTS (KOHA)
Source of classification or shelving scheme Dewey Decimal Classification
Koha item type Libros
Existencias
Withdrawn status Lost status Source of classification or shelving scheme Damaged status Not for loan Current library Date acquired Total Checkouts Full call number Barcode Date last seen Price effective from Koha item type
    Dewey Decimal Classification     Biblioteca UTECO 09/09/2019   511 M612M 012658 09/09/2019 09/09/2019 Libros
    Dewey Decimal Classification     Biblioteca UTECO 09/09/2019   511 M612M 012659 09/09/2019 09/09/2019 Libros
    Dewey Decimal Classification     Biblioteca UTECO 09/09/2019   511 M612M 012660 09/09/2019 09/09/2019 Libros
© 2021 Derechos Reservados UTECO - Teléfono: +1 809-585-2291 - Correo electrónico: biblioteca@uteco.edu.do​  
Código postal 43000 ​​
Dirección: Avenida Universitaria No. 100, 
Cotuí, Provincia Sánchez Ramírez, República Dominicana - RNC: 404-00059-6